Audio,video and data telecommunications
Αποθηκεύτηκε σε:
| Κύριος συγγραφέας: | |
|---|---|
| Μορφή: | Βιβλίο |
| Γλώσσα: | English |
| Δημοσίευση: |
London,New York :
McGraw-Hill ,
1992
|
| Θέματα: | |
| Ετικέτες: |
Προσθήκη ετικέτας
Δεν υπάρχουν, Καταχωρήστε ετικέτα πρώτοι!
|
MARC
| LEADER | 00000nam a2200000 i 4500 | ||
|---|---|---|---|
| 001 | 1/40934 | ||
| 008 | 960205s1992 eng d | ||
| 020 | |a 0-07-707427-0 | ||
| 035 | |l 10025322 | ||
| 040 | |a GR-MY-UA |b gre |e aacr | ||
| 041 | 0 | |a eng | |
| 082 | 0 | |a 621.382 | |
| 100 | 1 | |a Petersen, David. | |
| 245 | 1 | 0 | |a Audio,video and data telecommunications / |c David Petersen |
| 260 | |a London,New York : |b McGraw-Hill , |c 1992 | ||
| 300 | |a 334 p. | ||
| 500 | |a Includes bibliographical references and index | ||
| 650 | 0 | 0 | |a Telecommunication. |
| 852 | |a INST |b CHIOS |e 19960205 |h 621.382 PET |p 005200001547 |q 005200001547 |t BK |y 0 | ||
| 909 | |a Χ |b 040903 | ||